[Event "Moscow op-C"]
[Site "Moscow"]
[Date "2011.01.30"]
[Round "2"]
[White "Cherny, Oleg"]
[Black "Omariev, Maksim"]
[Result "0-1"]
[WhiteElo "2046"]
[BlackElo "2335"]
[PlyCount "54"]
[EventDate "2011.01.29"]
[EventType "swiss"]
[EventRounds "9"]
[EventCountry "RUS"]
[SourceTitle "EXT 2012"]
[Source "ChessBase"]
[SourceDate "2011.11.24"]
[SourceVersion "1"]
[SourceVersionDate "2011.11.24"]
[SourceQuality "1"]

1. d4 h5 2. e4 h4 3. Nf3 c6 4. Bg5 h3 5. gxh3 d5 6. exd5 cxd5 7. h4 Nf6 8. Bxf6 gxf6 9. Nbd2 Nc6 10. Qe2 Bg4 11. Qb5 Qd7 12. Be2 e5 13. dxe5 fxe5 14. 0-0-0 0-0-0 15. Kb1 Kb8 16. Ne4 Bxf3 17. Bxf3 Qf5 18. Ng5 Rxh4 19. Rhg1 Rb4 20. Qe2 Nd4 21. Qd3 e4 22. Qc3 Nxf3 23. Nxf3 exf3 24. Rg8 Rg4 25. Rh8 Rc8 26. Qb3 Rgc4 27. Rd2 Qe5 0-1

[Event "Moscow op-B 04th"]
[Site "Moscow"]
[Date "2008.02.02"]
[Round "1"]
[White "Borsuk, Konstantin"]
[Black "Cherny, Oleg"]
[Result "1-0"]
[WhiteElo "2297"]
[BlackElo "2063"]
[PlyCount "55"]
[EventDate "2008.02.02"]
[EventType "swiss"]
[EventRounds "9"]
[EventCountry "RUS"]
[SourceTitle "CBM 122 Extra"]
[Source "ChessBase"]
[SourceDate "2008.03.04"]
[SourceVersion "1"]
[SourceVersionDate "2008.03.04"]
[SourceQuality "1"]

1. d4 d5 2. c4 c6 3. Nc3 Nf6 4. Nf3 a6 5. a4 e6 6. Bg5 Bb4 7. Qb3 a5 8. e3 Nbd7 9. Be2 h6 10. Bh4 g5 11. Bg3 Ne4 12. Ne5 Nxg3 13. hxg3 Nxe5 14. dxe5 Qc7 15. f4 Qb6 16. Kf2 d4 17. c5 dxe3+ 18. Kf3 Qxc5 19. Ne4 Qd4 20. Nf6+ Ke7 21. Rac1 b5 22. Qxe3 Qxb2 23. Rhd1 c5 24. Rxc5 Kf8 25. Rc7 bxa4 26. Qe4 Rb8 27. Rd8+ Kg7 28. Nh5# 1-0

[Event "Moscow-ch U18"]
[Site "Moscow"]
[Date "2007.12.??"]
[Round "5"]
[White "Cherny, Oleg"]
[Black "Ustinov, Alexey"]
[Result "1-0"]
[WhiteElo "2060"]
[BlackElo "1952"]
[PlyCount "49"]
[EventDate "2007.11.17"]
[EventType "swiss"]
[EventRounds "9"]
[EventCountry "RUS"]
[SourceTitle "EXT 2022"]
[Source "ChessBase"]
[SourceDate "2021.10.06"]
[SourceVersion "1"]
[SourceVersionDate "2021.10.06"]
[SourceQuality "1"]

1. d4 Nf6 2. c4 e5 3. dxe5 Ng4 4. e4 Nxe5 5. f4 Ng6 6. Be3 Bb4+ 7. Nc3 0-0 8. Qd3 Re8 9. Nge2 Qe7 10. 0-0-0 c6 11. g3 Na6 12. Bg2 Bxc3 13. Nxc3 Nb4 14. Qd2 d5 15. a3 Na6 16. cxd5 Bg4 17. Rde1 Rad8 18. h3 Bc8 19. Bxa7 c5 20. Bb6 Rd6 21. Ba5 Rd7 22. e5 Nf8 23. d6 Qe6 24. Bd5 Qg6 25. g4 1-0

[Event "Moscow-ch U18"]
[Site "Moscow"]
[Date "2007.12.??"]
[Round "4"]
[White "Kurukin, Dmitry"]
[Black "Cherny, Oleg"]
[Result "1-0"]
[WhiteElo "2173"]
[BlackElo "2060"]
[PlyCount "71"]
[EventDate "2007.11.17"]
[EventType "swiss"]
[EventRounds "9"]
[EventCountry "RUS"]
[SourceTitle "EXT 2022"]
[Source "ChessBase"]
[SourceDate "2021.10.06"]
[SourceVersion "1"]
[SourceVersionDate "2021.10.06"]
[SourceQuality "1"]

1. d4 d5 2. c4 c6 3. Nc3 Nf6 4. Nf3 a6 5. c5 Bf5 6. Bf4 Nbd7 7. h3 h6 8. e3 g5 9. Bg3 Bg7 10. Bd3 Ne4 11. 0-0 0-0 12. Bxe4 dxe4 13. Nd2 Nf6 14. Qc2 Qd7 15. Be5 Bg6 16. Qb3 g4 17. h4 Nd5 18. Bxg7 Kxg7 19. Ndxe4 f5 20. Nxd5 cxd5 21. Nc3 e6 22. g3 Bf7 23. Rfd1 Qc6 24. Qc2 b5 25. cxb6 Qxb6 26. Na4 Qa7 27. b4 Rab8 28. a3 Be8 29. Nc5 Kf6 30. Qd2 Bb5 31. e4 Rh8 32. exd5 exd5 33. Re1 Rb6 34. Qf4 Qb8 35. Re5 Qc8 36. Rae1 1-0

[Event "Moscow op1"]
[Site "Moscow"]
[Date "2007.10.13"]
[Round "3"]
[White "Vasiliev, Mikhail"]
[Black "Cherny, Oleg"]
[Result "1-0"]
[WhiteElo "2142"]
[BlackElo "2060"]
[PlyCount "40"]
[EventDate "2007.10.07"]
[EventType "swiss"]
[EventRounds "9"]
[EventCountry "RUS"]
[SourceTitle "EXT 2009"]
[Source "ChessBase"]
[SourceDate "2008.11.26"]
[SourceVersion "1"]
[SourceVersionDate "2008.11.26"]
[SourceQuality "1"]

1. e4 e5 2. Nf3 Nc6 3. Bc4 Nf6 4. d3 Be7 5. 0-0 0-0 6. a3 d6 7. Nc3 Bg4 8. h3 Bxf3 9. Qxf3 Nd4 10. Qd1 c5 11. Ne2 Qd7 12. Nxd4 exd4 13. Bd2 d5 14. Bxd5 b5 15. Bb3 Nd5 16. Qf3 Nb6 17. Rfe1 c4 18. Ba2 Bf6 19. Re2 Rac8 20. Rae1 Nd5 1-0

[Event "RUS-Cup sf 05"]
[Site "Tula"]
[Date "2005.05.23"]
[Round "6"]
[White "Tuzinskiy, Denis Vasilievich"]
[Black "Cherny, Oleg"]
[Result "0-1"]
[WhiteElo "2134"]
[BlackElo "2085"]
[PlyCount "138"]
[EventDate "2005.05.11"]
[EventType "swiss"]
[EventRounds "7"]
[EventCountry "RUS"]
[SourceTitle "EXT 2006"]
[Source "ChessBase"]
[SourceDate "2005.11.24"]
[SourceVersion "1"]
[SourceVersionDate "2005.11.24"]
[SourceQuality "1"]

1. e4 c5 2. Nf3 Nc6 3. d4 cxd4 4. Nxd4 g6 5. Be3 Bg7 6. Nc3 d6 7. Qd2 Nf6 8. f3 Qa5 9. Nb3 Qh5 10. Be2 Qh4+ 11. g3 Qh3 12. 0-0-0 Qd7 13. g4 h5 14. g5 Nh7 15. h4 b6 16. Nd4 Bb7 17. Nxc6 Bxc6 18. Bd4 Bxd4 19. Qxd4 0-0-0 20. Ba6+ Kb8 21. Nd5 e6 22. Nb4 Bb7 23. Bxb7 Kxb7 24. e5 d5 25. Kb1 a5 26. Nd3 Qc7 27. b3 Rc8 28. Rh2 Rhe8 29. Nb2 Nf8 30. Rc1 Nd7 31. Re2 Nc5 32. Nd3 Nxd3 33. Qxd3 Qc3 34. Re3 d4 35. Qe4+ Qc6 36. Qxc6+ Rxc6 37. Rd3 Rc3 38. Rcd1 Rxd3 39. Rxd3 Rd8 40. f4 Kc6 41. a4 Rd7 42. Kb2 Kd5 43. c3 Ke4 44. Kc2 Rd8 45. b4 axb4 46. cxb4 Kxf4 47. a5 bxa5 48. bxa5 Kxe5 49. a6 Ra8 50. Ra3 Ra7 51. Kd3 Kf4 52. Kxd4 Kg4 53. Ke5 Kxh4 54. Kf4 e5+ 55. Kxe5 Kxg5 56. Ke4 Kg4 57. Ra1 h4 58. Rg1+ Kh5 59. Ra1 g5 60. Kf3 f5 61. Ra5 Kg6 62. Ra4 h3 63. Kg3 g4 64. Kf4 h2 65. Ra1 h1Q 66. Rxh1 Rxa6 67. Kg3 Kg5 68. Rb1 f4+ 69. Kg2 Ra2+ 0-1